| 000 | 01905cam a22003015i 4500 | ||
|---|---|---|---|
| 001 | 21840369 | ||
| 003 | OSt | ||
| 005 | 20250610122809.0 | ||
| 008 | 201215s2021 cau 000 0 eng | ||
| 010 | _a 2020952152 | ||
| 020 | _a9780143461753 | ||
| 040 |
_aDLC _beng _erda _cDLC |
||
| 042 | _apcc | ||
| 082 |
_a658.4 _bCHA/K |
||
| 100 | 1 |
_aChatterjee, Debashis _eauthor. _910545 |
|
| 245 | 1 | 0 |
_aKarma Sutras : _bleadership and wisdom for uncertain times / _cDebashis Chatterjee. |
| 263 | _a2102 | ||
| 264 | 1 |
_aHaryana : _bPenguin Random House, _c2021. |
|
| 300 | _a188 pages | ||
| 336 |
_atext _btxt _2rdacontent |
||
| 337 |
_aunmediated _bn _2rdamedia |
||
| 338 |
_avolume _bnc _2rdacarrier |
||
| 490 | 0 |
_aSage iim-kozhikode series for new managers; _vna |
|
| 520 |
_a"Blurb Karma Yoga or Deep Work can simply be expressed by this formula: where p = actual performance P = potential i = interference Leaders get caught in co-relations and do not look at causalities. Minimizing interference (company cultures, 'I'/'Me' = Ego) to one's potential makes all the difference. Leadership is not about doing more, it is about observing more. Karma Sutras presents timeless leadership insights for the 21st century new managers. It vividly encapsulates the scientific and spiritual truths about organization, work, self-mastery and the purpose of leadership in the 4.0 VUCA world. Laced with small narratives from current issues to motivating stories and relatable quotes, the book caters to aspiring leaders and first-time managers alike. It provides deep anchors in spirituality for managers struggling in the post-COVID world. Debashis Chatterjee is Director at IIM Kozhikode, India and a globally published author"-- _cProvided by publisher. |
||
| 906 |
_a0 _bibc _corignew _d2 _eepcn _f20 _gy-gencatlg |
||
| 942 |
_2ddc _cBK _h658.4 _iCHA/K _k658.4 _mCHA/K |
||
| 999 |
_c44539 _d44539 |
||